Tous les clubs défiés par le Real en coupe d'Europe et internationale - Statistiques

Statistiques générales
  • Ce quiz a été pris 27 fois
    3 depuis la dernière actualisation
  • Le résultat moyen est 10 sur 159
Statistiques - réponses
Année 1ère confrontation Nombres de matchs Bilan Clubs % Correct
1959-60 8 3v 3n 2d Barcelone
100%
2012-13 17 7v 5n 5d Manchester City
67%
1955-56 16 6v 3n 7d AC Milan
33%
1962-63 10 3v 1n 6d Anderlecht
33%
2005-06 4 1n 3d Arsenal
33%
2003-04 3 2v 1d AS Monaco
33%
2001-02 12 8v 1n 3d AS Roma
33%
1957-58 12 6v 2n 4d Atlético Madrid
33%
2010-11 2 2v Auxerre
33%
1975-76 30 13v 4n 13d Bayern Munich
33%
1970-71 9 3v 2n 4d Chelsea
33%
1997-98 16 8v 5n 3d Dortmund
33%
1959-60 2 2v Eintracht Francfort
33%
1963-64 19 10v 2n 7d Inter Milan
33%
1961-62 22 11v 2n 9d Juventus
33%
2000-01 4 2v 2n Lazio
33%
1997-98 7 4v 2n 1d Leverkusen
33%
2024-25 1 1d Lille
33%
1980-81 13 7v 1n 5d Liverpool
33%
2005-06 10 3v 4n 3d Lyon
33%
1956-57 11 5v 4n 2d Manchester United
33%
1987-88 6 5v 1n Napoli
33%
1956-57 4 3v 1d OGC Nice
33%
2003-04 5 5v OM
33%
1992-93 12 5v 3n 4d PSG
33%
2013-14 4 3v 1d Schalke
33%
1955-56 2 2v Stade de Reims
33%
2008-09 2 2v Zénith Saint-Pétersbourg
33%
1982-83 1 1d Aberdeen
0%
1985-86 4 1v 2n 1d AEK Athènes
0%
1968-69 2 2v AEL Limassol
0%
1967-68 14 8v 1n 5d Ajax
0%
2022 1 1v Al Ahly
0%
2018 1 1v Al-Aïn
0%
2022 1 1v Al-Hilal
0%
2017 1 1v Al-Jazira
0%
2000 1 1v Al Nassr
0%
1957-58 2 2v Antwerp
0%
2011-12 4 4v APOEL
0%
1972-73 2 1v 1d Argeș Pitești
0%
2020-21 4 4v Atalanta Bergame
0%
1974-75 4 2v 2n Austria Vienne
0%
1964-65 2 2v B 1909 Odense
0%
1961-62 2 2v B 1913 Odense
0%
1982-83 2 1v 1n Baia Mare
0%
1971-72 4 4v Bâle
0%
2008-09 2 2v Bate
0%
1961-62 6 3v 3d Benfica
0%
1958-59 2 1v 1n Besiktas
0%
2000 1 1v Boca Juniors
0%
2023-24 2 2v Braga
0%
2024-25 1 1v Brest
0%
1980-81 2 2v Budapest Honvéd
0%
1970-71 2 1v 1d Cardiff
0%
1981-82 2 1v 1n Carl Zeiss Iéna
0%
1979-80 4 3v 1d Celtic
0%
2015-16 8 5v 1n 2d Chakhtar Donetsk
0%
2016 1 1v Club América
0%
1976-77 4 1v 2n 1d Club Bruges
0%
2000 1 1n Club Necaxa
0%
2002 1 1v Club Olimpia
0%
1985-86 2 1v 1d Cologne
0%
2013-14 2 2v Copenhague
0%
2000 1 1n Corinthians
0%
2014 1 1v Cruz Azul
0%
2011-12 4 1v 1n 2d CSKA Moscou
0%
1975-76 2 1v 1d Derby County
0%
1963-64 4 3v 1d Dinamo Bucarest
0%
2011-12 2 2v Dinamo Zagreb
0%
1964-65 2 1v 1n Dukla Prague
0%
1972-73 10 5v 4n 1d Dynamo Kiev
0%
1994-95 2 1v 1n Dynamo Moscou
0%
1974-75 4 2v 2d Étoile rouge Belgrade
0%
1995-96 2 1v 1n Ferencváros
0%
1965-66 3 2v 1d Feyenoord
0%
1956-57 1 1v Fiorentina
0%
1974-75 2 2v Fram Reykjavik
0%
2000 9 6v 3d Galatasaray
0%
2002-03 2 1v 1n Genk
0%
1988-89 2 2v Górnik Zabrze
0%
1978-79 4 3v 1d Grasshopper Zurich
0%
2017 1 1v Grémio
0%
1979-80 2 1v 1d Hambourg
0%
1970-71 2 1v 1n Hibernians
0%
1984-85 2 1v 1d HNK Rijeka
0%
1967-68 2 1v 1n Hvidovre
0%
1972-73 2 2v ÍBK Keflavík
0%
1973-74 2 1n 1d Ipswich Town
0%
1959-60 2 2v Jeunesse Esch
0%
2025-26 1 1v Kairat Almaty
0%
1981-82 2 1v 1d Kaiserslautern
0%
2016 2 2v Kashima Antlers
0%
1965-66 2 1v 1n Kilmarnock
0%
2000-01 2 2v Leeds
0%
2016-17 2 1v 1n Legia
0%
1979-80 2 2v Levski Sofia
0%
1980-81 2 2v Limerick
0%
2001-02 4 2v 1n 1d Lokomotiv Moscou
0%
2014-15 2 2v Ludogorets
0%
1993-94 2 2v Lugano
0%
2015-16 2 2v Malmo
0%
1999-2000 2 2v Molde
0%
1975-76 6 2v 3n 1d Mönchengladbach
0%
1988-89 2 2v Moss
0%
1985-86 4 2v 2d Neuchâtel Xamax
0%
1963-64 6 5v 1d Odense
0%
1997-98 9 5v 3n 1d Olympiakos
0%
1969-70 2 2v Olympiakos Nicosie
0%
2024 1 1v Pachuca
0%
2001-02 2 1v 1n Panathinaïkos
0%
1955-56 5 3v 1n 1d Partizan
0%
1960 4 1v 1n 2d Penarol
0%
2018-19 2 2v Plzen
0%
1992-93 2 1v 1n Politehnica Timişoara
0%
1979-80 12 9v 1n 2d Porto
0%
1978-79 2 2v Progrès Niederkorn
0%
1970-71 8 3v 4n 1d PSV
0%
2000 1 1v Raja
0%
1963-64 2 2v Rangers
0%
1956-57 7 4v 1n 2d Rapid Vienne
0%
2022-23 4 2v 1n 1d RB Leipzig
0%
1997-98 6 5v 1d Rosenborg
0%
2024-25 1 1v Salzbourg
0%
2014 1 1v San Lorenzo
0%
1955-56 2 2v Servette
0%
1957-58 4 3v 1n Séville
0%
2021-22 2 1v 1d Sheriff
0%
1991-92 2 1v 1n Sigma Olomouc
0%
1991-92 2 1v 1n Slovan Bratislava
0%
1980-81 8 3v 2n 3d Spartak Moscou
0%
1967-68 6 3v 1n 2d Sparta Prague
0%
1989-90 2 2v Spora Luxembourg
0%
1994-95 6 5v 1d Sporting Lisbonne
0%
1976-77 2 2v Stal Mielec
0%
1961-62 4 2v 2d Standard de Liège
0%
2006-07 2 2v Steaua Bucarest
0%
1998-99 2 2v Sturm Graz
0%
2024-25 1 1v Stuttgart
0%
1981-82 2 1v 1d Tatabánya
0%
1985-86 2 1v 1n Tchornomorets Odessa
0%
1991-92 2 1v 1d Torino
0%
1992-93 2 1v 1d Torpedo Moscou
0%
1984-85 6 3v 2n 1d Tottenham
0%
1966-67 2 1v 1d TSV Munich
0%
1982-83 2 2v Újpest
0%
2023-24 2 2v Union Berlin
0%
1991-92 2 2v Utrecht
0%
1999-2000 1 1v Valence
0%
1957-58 4 3v 1d Vasas
0%
1998 1 1v Vasco da Gama
0%
1984-85 2 1v 1d Videoton
0%
1992-93 2 2v Vitesse
0%
1970-71 8 4v 2n 2d Wacker Innsbruck
0%
2007-08 2 1v 1d Werder Brême
0%
1958-59 2 1v 1n Wiener
0%
2004-05 2 2v Wisła Cracovie
0%
2015-16 2 1v 1d Wolfsbourg
0%
1986-87 2 1v 1d Young Boys
0%
1963-64 4 4v Zurich
0%
Aucun quiz correspondant
Distribution des résultats
% des personnes avec chaque résultat
Percentile par nombre de réponses
Votre historique - résultats
Vous n’avez pas pris ce quiz depuis la dernière actualisation